000 00997nam a22003497a 4500
001 BR9801807
003 BR-BrBNA
005 20230928095901.0
007 ta
008 230509b bl.||||| |||| 00| 0 por d
040 _aBR-BrBNA
_bpor
_cBiblioteca Nacional de Agricultura
041 _a(Por)
072 _aE21; E14; E16
090 _ E21 BR9801807
100 1 _aSato, G.S.
110 1 _aEscola de Administracao de Empresas de Sao Paulo, SP (Brasil)
_94291
245 1 _aPerfil da industria de alimentos no Brasil: 1990-1995
_bRelatorio no. 17/1997
260 3 _aSao Paulo, SP (Brasil):
_c1997.
300 _a40 p.
500 _a19 ref.; Summaries (Eng, Por); 31 tables
650 _aIndustria Agricola
650 _aIndustria Alimenticia
650 _aProducao
650 _aProdutividade
650 _aAnalise Economica
650 _aEstatistica
650 _aDado
650 _aExportacao
650 _aConsumo
909 _a202309
_bLucia
_c55
_dLucia Elande
942 _cBK
999 _c59212
_d59212